000 004610000a22001810004500
003 MACL
005 20160110143837.0
008 160110b xxu||||| |||| 00| 0 eng d
040 _aMACL
_cMACL
041 _aEnglish
082 _a600/KHO
100 _aKhosla, Raj K
_923154
245 _aMen of Sciences & Technology in India
260 _bPremier publishers
_c1964
_aNew Delhi
350 _a44.50
650 _aTechnology
_931022
942 _cBK
_k600/KHO
_2ddc
999 _c36307
_d36307